000
00300nam a2200121Ia 4500
008
190216s9999||||xx |||||||||||||| ||und||
100
_a
Rajanikanth Thiwari
245
0
_a
Hindi-Agrah Ke Bahar Mithra Bhashake Hasthaksher
260
_b
Prakashan A S
300
_a
241
650
_a
Hindi
942
_c
BK
999
_c
16386
_d
16386